Statistics for Taylor Swift - The Smallest Man Who Ever Lived (Lyrics)

Click here to take the quiz!

General Stats

  • This quiz has been taken 71 times
  • The average score is 264 of 313

Answer Stats

Answer% Correct
A
100%
a
100%
but
100%
But
100%
Did
100%
did
100%
You
100%
ever
100%
I
100%
lived
100%
lived?
100%
man
100%
on
100%
smallest
100%
the
100%
The
100%
want
100%
we
100%
were
100%
Were
100%
Who
100%
who
100%
you
100%
You
100%
you,
100%
an
98%
And
98%
and
98%
by
98%
don't
98%
for
98%
just
98%
know
98%
me
98%
some
98%
someone
98%
to
98%
Was
98%
was
98%
be
95%
could
95%
dead?
95%
had
95%
had,
95%
I'll
95%
in
95%
In
95%
it
95%
message
95%
my
95%
our
95%
sent
95%
what
95%
with
95%
bed?
93%
give
93%
of
93%
sleep
93%
this
93%
wanted
93%
forget
90%
forgive
90%
If
90%
never
90%
that
90%
underneath
90%
your
90%
all
88%
gun
88%
50
85%
any
85%
back,
85%
'Cause
85%
why
85%
years,
85%
even
83%
summer
83%
true?
83%
are
80%
fuck
80%
goal
80%
"Good
80%
miss
80%
said,
80%
say,
80%
spy?
80%
will
80%
you'll
80%
You'll
80%
gone
78%
guy?
78%
morning
78%
sparkling
78%
you're
78%
book?
75%
cell
75%
once
75%
declassified?
73%
died
73%
girls
73%
riddance"
73%
rusting
73%
sexy
73%
sins
73%
wasn't
73%
writing
73%
boring"
70%
confess
70%
deserve
70%
From
70%
inside
70%
mine
70%
prison,
70%
They
70%
won't
70%
would've
70%
forbidden
68%
get
68%
Instead,
68%
like
68%
"Normal
68%
Now,
68%
suit
68%
time
68%
at
65%
feels
65%
sleeper
65%
crashed
63%
didn't
63%
Then,
63%
Witness
63%
car
60%
friend
60%
friends
60%
ghosted
60%
off
60%
party
60%
rental
60%
still
60%
up
60%
Jehovah's
58%
pills
58%
buy
55%
eyed
55%
into
55%
out
55%
performing
55%
starry-
55%
come
53%
hid
53%
inboxes
53%
lights,
53%
pins
53%
plain
53%
push
53%
tried
53%
wall
53%
showed
50%
slide
50%
stage
50%
hung
48%
measure
48%
sight
48%
slip
48%
bars
45%
Gazing
45%
kicked
45%
public,
45%
Stabbed
45%
through
45%
her
43%
queen
40%
You'd
40%
also-
35%
treat
35%
ran
33%
oblivion
30%
stoned
28%
sank
25%

Score Distribution

Percentile by Number Answered

Percent of People with Each Score

Your Score History

You have not taken this quiz